书目信息 |
| 题名: |
猪饲料手册
|
|
| 作者: | ;天津市饲料公司 编 | |
| 分册: | ||
| 出版信息: | 北京 农业出版社 1975 |
|
| 页数: | 275页 | |
| 开本: | 14cm | |
| 丛书名: | ||
| 单 册: | ||
| 中图分类: | S828.5 | |
| 科图分类: | ||
| 主题词: | 猪-饲料 , 饲料-猪 | |
| 电子资源: | ||
| ISBN: | ||
| 000 | 00598nam0 2200229 45 | |
| 001 | 0175003576 | |
| 005 | 20060911083418.04 | |
| 010 | @dCNY0.55 | |
| 100 | @a19951020d1975 em y0chiy0121 ea | |
| 101 | 0 | @achi |
| 102 | @aCN@b110000 | |
| 105 | @ay z 000yy | |
| 200 | 10 | @a猪饲料手册@Azhu si liao shou ce@f天津市饲料公司编 |
| 210 | @a北京@c农业出版社@d1975 | |
| 215 | @a275页@d14cm | |
| 606 | @a猪-饲料 | |
| 606 | @a饲料-猪 | |
| 690 | @aS828.5@v3 | |
| 711 | 02 | @a天津市饲料公司@Atian jin shi si liao gong si@4编 |
| 801 | 2 | @aCN@bNLC@c20060911 |
| 801 | 0 | @aCN@bTSSF |
| 905 | @a10447@dS828.5@e52 | |
| 猪饲料手册/天津市饲料公司编.-北京:农业出版社,1975 |
| 275页;14cm |
| ISBN :CNY0.55 |
| ● |
| 相关链接 |
|
|
|
|
正题名:猪饲料手册
索取号:S828.5/52
 
预约/预借
| 序号 | 登录号 | 条形码 | 馆藏地/架位号 | 状态 | 备注 |
| 1 | 0470504 | 204705042 | 密集书库/ [索取号:S828.5/52] | 在馆 |